Inside Bruegel : the play of images in Children's games /

Bibliographic Details
Main Author: Snow, Edward A.
Format: Book
Language:English
Published: New York : North Point Press, [1997]
Edition:1st ed.
Subjects:

MARC

Tag First Indicator Second Indicator Subfields
LEADER 00000cam a2200000 a 4500
001 in00001403331
005 20151020055456.0
008 970319s1997 nyuaf b 001 0 eng
010 |a  97010538  
020 |a 086547527X (alk. paper) 
035 |a (OCoLC)36648857 
035 |9 AHN4566AM 
040 |a DLC  |c DLC  |d TXA  |d UtOrBLW 
049 |a TXAM 
050 0 0 |a ND673.B73  |b A63 1997 
082 0 0 |a 759.9493  |2 21 
100 1 |a Snow, Edward A. 
245 1 0 |a Inside Bruegel :  |b the play of images in Children's games /  |c Edward Snow. 
250 |a 1st ed. 
264 1 |a New York :  |b North Point Press,  |c [1997] 
264 4 |c ©1997 
300 |a 204 pages, 9 unnumbered pages of plates :  |b illustrations (some color) ;  |c 25 cm. 
336 |a text  |b txt  |2 rdacontent 
337 |a unmediated  |b n  |2 rdamedia 
338 |a volume  |b nc  |2 rdacarrier 
504 |a Includes bibliographical references (pages 193-197) and indexes. 
600 1 0 |a Bruegel, Pieter,  |d approximately 1525-1569.  |t Children's games. 
600 1 0 |a Bruegel, Pieter,  |d approximately 1525-1569  |x Criticism and interpretation. 
650 0 |a Games in art. 
948 |a c:ce 
999 |a MARS 
999 f f |s 0bfcbd9a-e0bc-3e05-9588-8faa97587d40  |i 73419edf-5e7d-361f-8a0f-3479ea4aea26  |t 0 
952 f f |p normal  |a Texas A&M University  |b College Station  |c Sterling C. Evans Library  |d Evans: Library Stacks  |t 0  |e ND673.B73 A63 1997  |h Library of Congress classification  |i unmediated -- volume  |m A14822134602 
998 f f |a ND673.B73 A63 1997  |t 0  |l Evans: Library Stacks